00456nam a2200205Ia 4500003000900000005001700009008004100026040001300067040001300080041000800093100001900101245004900120250001200169260002400181260000900205300001100214300000900225300001000234490000600244IT-RoPAU20220918175735.0120407s9999 xx 000 0 und d aIT-RoPAU cIT-RoPAU aita aDimitrij Dudko aLa nostra speranza. Diario di un prete russo aMilano  aLa Casa di Matriona c1979 a188 p. bill. c21 cm v1